[Event "NCL978 Barbican-Bristol"]
[Site "Rd8"]
[Date "1998.03.22"]
[Round "8.5"]
[White "Crouch, Colin"]
[Black "Moskovic, David"]
[Result "1-0"]
[WhiteElo "2410"]
[BlackElo "2220"]
[PlyCount "95"]
[EventDate "1998.03.22"]

1. d4 Nf6 2. c4 g6 3. Nc3 Bg7 4. e4 d6 5. Bg5 h6 6. Bh4 O-O 7. f4 c5 8. dxc5
Qa5 9. Bd3 Qxc5 10. Bf2 Qa5 11. Qd2 Nc6 12. Nf3 Bg4 13. Be2 Bxf3 14. gxf3 Rac8
15. Rc1 Nd7 16. h4 Nf6 17. Be3 Kh7 18. Kf2 Rcd8 19. a3 e6 20. Rcd1 a6 21. Qc1
Qc7 22. Nd5 exd5 23. cxd5 Rc8 24. dxc6 Qxc6 25. Qxc6 Rxc6 26. Rd2 Nh5 27. Bd1
f5 28. exf5 Rxf5 29. Bc2 Rf6 30. Be4 Rc7 31. Rd4 Rcf7 32. Rb4 Nxf4 33. h5 d5
34. hxg6+ Nxg6 35. Bxd5 Rd7 36. Bxb7 Ne5 37. Be4+ Kg8 38. Ke2 Nc6 39. Rc4 Na5
40. Rc5 Nb7 41. Rch5 Nd6 42. Bxh6 Nxe4 43. fxe4 Rg6 44. Bxg7 Rg2+ 45. Ke3 Rdxg7
46. Rh8+ Kf7 47. Rf1+ Ke7 48. Rb8 1-0

[Event "NCL978 Barbican-Bristol"]
[Site "Rd8"]
[Date "1998.03.22"]
[Round "8.6"]
[White "Collier, David"]
[Black "Duncan, Chris"]
[Result "0-1"]
[WhiteElo "2230"]
[BlackElo "2290"]
[PlyCount "144"]
[EventDate "1998.03.22"]

1. d4 d5 2. Bg5 c6 3. e3 h6 4. Bf4 Nf6 5. Bd3 Qb6 6. b3 c5 7. Ne2 Nc6 8. c3 Nh5
9. O-O e6 10. dxc5 Bxc5 11. b4 Be7 12. b5 Na5 13. Be5 Nf6 14. Nd2 Bd7 15. Nd4
Rc8 16. Qe2 Nc4 17. Bxc4 dxc4 18. a4 Qc5 19. N4f3 O-O 20. Rfd1 Rfd8 21. Bd4 Qc7
22. e4 Be8 23. h3 Nd7 24. e5 Nf8 25. Ne4 Rd5 26. Qe3 a6 27. Nf6+ Bxf6 28. exf6
g5 29. Be5 Qc5 30. Rxd5 Qxe3 31. fxe3 exd5 32. bxa6 bxa6 33. a5 Rc5 34. Rb1 Rb5
35. Rxb5 Bxb5 36. Nd4 Bd7 37. Nc2 Bc8 38. Kf2 {(Draw offer)} Kh7 39. Bd4 Kg6
40. Nb4 Bb7 41. Nc2 h5 42. e4 dxe4 43. Ne3 Ne6 44. Be5 Nf4 45. Bd4 Bd5 46. g3
Nd3+ 47. Ke2 Be6 48. Nc2 Bxh3 49. Ke3 Nc1 50. Nb4 Nb3 51. Nxa6 Nxa5 52. Kxe4
Nc6 53. Bf2 Bg2+ 54. Ke3 Kxf6 55. Ke2 Kf5 56. Nb4 Ne7 57. Nc2 Bd5 58. Bc5 Ng6
59. Ne3+ Ke4 60. Bd4 f5 61. Bf6 f4 62. Nxd5 Kxd5 63. Bxg5 fxg3 64. Kf3 h4 65.
Be3 Ke5 66. Kg4 Ke4 67. Bd4 Ne5+ 68. Kh3 Nf3 69. Bf6 Kf4 70. Bd8 Ng5+ 71. Kxh4
g2 72. Bc7+ Ke4 0-1

[Event "NCL978 Barbican-Bristol"]
[Site "Rd8"]
[Date "1998.03.22"]
[Round "8.7"]
[White "Pritchett, Craig"]
[Black "Rudd, Jack"]
[Result "1-0"]
[WhiteElo "2315"]
[BlackElo "2165"]
[PlyCount "79"]
[EventDate "1998.03.22"]

1. Nf3 Nf6 2. c4 g6 3. Nc3 Bg7 4. e4 d6 5. d4 O-O 6. Be2 e5 7. O-O Nc6 8. d5
Ne7 9. b4 Nh5 10. Re1 f5 11. Ng5 Nf4 12. Bxf4 exf4 13. Rc1 fxe4 14. Ncxe4 Nf5
15. Bg4 Nd4 16. Bxc8 Rxc8 17. Nf3 Nxf3+ 18. Qxf3 Qd7 19. Ng5 Be5 20. c5 Qf5 21.
Ne6 Rfe8 22. c6 b6 23. b5 Re7 24. Rc4 g5 25. h3 Bf6 26. Qe4 Qxe4 27. Rexe4 Kf7
28. Ra4 Ra8 29. Ra6 h6 30. Rea4 Bc3 31. Rxa7 Rc8 32. Ra8 Rxa8 33. Rxa8 Kf6 34.
Rc8 Ke5 35. Rxc7 Re8 36. Rd7 Rc8 37. c7 Kxd5 38. Rd8 Kxe6 39. Rxc8 Kd7 40. Rg8
1-0

[Event "NCL978 Barbican-Bristol"]
[Site "Rd8"]
[Date "1998.03.22"]
[Round "8.8"]
[White "Buckley, Melanie"]
[Black "Lang, Heather"]
[Result "1/2-1/2"]
[WhiteElo "2010"]
[BlackElo "2035"]
[PlyCount "49"]
[EventDate "1998.03.22"]

1. e4 e5 2. Nf3 Nc6 3. Bb5 a6 4. Bxc6 dxc6 5. d4 exd4 6. Qxd4 Qxd4 7. Nxd4 Bd7
8. Nd2 O-O-O 9. Ne2 Ne7 10. b3 Ng6 11. Bb2 Re8 12. O-O-O f5 13. f3 fxe4 14.
Nxe4 Nh4 15. Rhg1 Nf5 16. Nd4 c5 17. Nxf5 Bxf5 18. Ng3 Bg6 19. Rge1 Rg8 20.
Rxe8+ Bxe8 21. Re1 Kd7 22. Kd2 Bf7 23. Ne4 Be7 {(Draw offer)} 24. Be5 c4 25.
Bd4 1/2-1/2

[Event "NCL978 Guildford-Invicta Kts"]
[Site "Rd8"]
[Date "1998.03.22"]
[Round "8.2"]
[White "Flear, Glenn"]
[Black "Povah, Nigel"]
[Result "1/2-1/2"]
[WhiteElo "2445"]
[BlackElo "2335"]
[PlyCount "52"]
[EventDate "1998.03.22"]

1. d4 Nf6 2. c4 e6 3. g3 c5 4. d5 exd5 5. cxd5 d6 6. Nc3 g6 7. Bg2 Bg7 8. Nf3
O-O 9. O-O Bg4 10. h3 Bxf3 11. Bxf3 Qd7 12. Bg2 b5 13. Qb3 b4 14. Nd1 a5 15. a4
Re8 16. Ne3 Qc7 17. Bd2 Ne4 {(Draw offer)} 18. Bxe4 Rxe4 19. Qc2 Re7 20. Rae1
Nd7 21. b3 Nb6 22. Kh2 Rae8 23. Qd3 Bd4 24. Nc2 Bg7 25. Ne3 Bd4 26. Nc2 Bg7
1/2-1/2

[Event "NCL978 Guildford-Invicta Kts"]
[Site "Rd8"]
[Date "1998.03.22"]
[Round "8.3"]
[White "Webb, Richard"]
[Black "McDonald, Neil"]
[Result "1/2-1/2"]
[WhiteElo "2315"]
[BlackElo "2485"]
[PlyCount "91"]
[EventDate "1998.03.22"]

1. e4 c5 2. Nf3 Nc6 3. d3 g6 4. g3 Bg7 5. Bg2 Nf6 6. O-O d5 7. Nbd2 O-O 8. exd5
Nxd5 9. Nb3 b6 10. d4 Ba6 11. Re1 c4 12. Nbd2 c3 13. Ne4 cxb2 14. Bxb2 Rc8 15.
Rc1 Na5 16. Nfd2 Qd7 17. Qf3 Bh6 18. h4 Nc4 19. Nxc4 Bxc4 20. Ra1 Rc7 21. Red1
Qb5 22. Rdb1 Be2 23. Qb3 Qxb3 24. axb3 Rxc2 25. Rxa7 Bd3 26. Rd1 Rxb2 27. Rxd3
Rc8 28. Rf3 Rc1+ 29. Kh2 Rc7 30. Rxc7 Nxc7 31. Kg1 Rb1+ 32. Kh2 Nb5 33. Rd3 Bg7
34. d5 Be5 35. Nd2 Rc1 36. Nc4 Bc7 37. Bh3 Rc2 38. Rd2 Rxd2 39. Nxd2 Kg7 40. f4
Nd4 41. Bg4 Bd6 42. Bd1 Bb4 43. Nc4 b5 44. Ne5 Nf5 45. Bc2 Nd4 46. Bd1 1/2-1/2

[Event "NCL978 Guildford-Invicta Kts"]
[Site "Rd8"]
[Date "1998.03.22"]
[Round "8.4"]
[White "Ledger, Andrew"]
[Black "Kennaugh, Charles"]
[Result "1-0"]
[WhiteElo "2460"]
[BlackElo "2295"]
[PlyCount "63"]
[EventDate "1998.03.22"]

1. d4 c5 2. d5 Nf6 3. Nc3 Qa5 4. Qd3 Na6 5. e4 Nb4 6. Qe2 b6 7. Bg5 Ba6 8. Qd2
Nxe4 9. Nxe4 Nxc2+ 10. Kd1 Bxf1 11. Qxc2 O-O-O 12. f3 h6 13. Nh3 Qb5 14. Be3 e6
15. Nc3 Qa6 16. Ke1 Bd3 17. Qd2 g5 18. Nf2 Bg6 19. h4 Bg7 20. hxg5 hxg5 21.
Rxh8 Rxh8 22. Rd1 Qc4 23. dxe6 Qxe6 24. Kf1 f5 25. Bxg5 Bd4 26. Nb5 Qc4+ 27.
Qd3 Qxd3+ 28. Nxd3 Rh1+ 29. Ke2 Rh2 30. Nf4 Bxb2 31. Kf2 Bh7 32. Kg3 1-0

[Event "NCL978 Guildford-Invicta Kts"]
[Site "Rd8"]
[Date "1998.03.22"]
[Round "8.5"]
[White "Anderton, Matthew"]
[Black "Ivanov, Alexei"]
[Result "0-1"]
[WhiteElo "2260"]
[BlackElo "2440"]
[PlyCount "98"]
[EventDate "1998.03.22"]

1. e4 d5 2. exd5 Qxd5 3. Nc3 Qa5 4. d4 Nf6 5. Nf3 Nc6 6. Bb5 Nd5 7. Bd2 Nxc3 8.
Bxc6+ bxc6 9. Bxc3 Qd5 10. O-O Bg4 11. Qd3 Bxf3 12. Qxf3 Qxf3 13. gxf3 e6 14.
Rfe1 Bd6 15. h3 O-O 16. b4 Rfd8 17. Re4 Be7 18. Kf1 Rd5 19. Ke2 g6 20. Rd1 Rh5
21. Re5 Rxh3 22. Ra5 h5 23. Ra6 h4 24. Rxc6 Bd6 25. Bd2 e5 26. dxe5 Bxe5 27. f4
Bd6 28. Be3 Re8 29. Rc4 f5 30. Rg1 Kf7 31. Kf1 Rh2 32. Rg2 Rh1+ 33. Rg1 Rxg1+
34. Kxg1 a6 35. Rc6 Ra8 36. Kg2 Ke6 37. Rc4 a5 38. b5 a4 39. Rd4 a3 40. Rc4 Rb8
41. b6 cxb6 42. Kh3 b5 43. Rd4 Rc8 44. Rd2 Be7 45. Bd4 Rc4 46. c3 Bd6 47. Re2+
Kf7 48. Be5 Bxe5 49. Rxe5 Rxf4 0-1

[Event "NCL978 Guildford-Invicta Kts"]
[Site "Rd8"]
[Date "1998.03.22"]
[Round "8.6"]
[White "Gormally, Danny"]
[Black "Thompson, Ian"]
[Result "1-0"]
[WhiteElo "2415"]
[BlackElo "2275"]
[PlyCount "227"]
[EventDate "1998.03.22"]

1. d4 e6 2. c4 Nf6 3. Nf3 Bb4+ 4. Nbd2 b6 5. a3 Bxd2+ 6. Bxd2 Bb7 7. g3 Nc6 8.
Bc3 Ne4 9. Qc2 d5 10. Bg2 a5 11. b3 O-O 12. Bb2 Qe7 13. O-O Rfd8 14. Rac1 Rac8
15. e3 Nd6 16. Nd2 Nb8 17. e4 Nxe4 18. Nxe4 dxe4 19. Bxe4 Bxe4 20. Qxe4 Nd7 21.
Rfe1 Nf6 22. Qf3 c6 23. Re5 Nd7 24. Re2 Qf6 25. Qe3 Qf5 26. Rce1 Nf6 27. Qc3 c5
28. dxc5 Rxc5 29. Rd2 Rdc8 30. Re5 Rxe5 31. Qxe5 Qxe5 32. Bxe5 Ne4 33. Rd4 Ng5
34. Rd3 f6 35. Bb2 a4 36. Rd6 axb3 37. Rxb6 Nf3+ 38. Kg2 Nd2 39. Bc1 Nxc4 40.
Rxb3 Na5 41. Rb1 Rc2 42. Be3 Nc4 43. Rb8+ Kf7 44. Bc5 Ne5 45. Rb7+ Kg6 46. Bf8
Nd3 47. Kf3 Ne1+ 48. Ke3 Ng2+ 49. Ke4 Rxf2 50. Rxg7+ Kh5 51. h3 h6 52. Rh7 Kg6
53. Rxh6+ Kf7 54. Bc5 f5+ 55. Ke5 Re2+ 56. Kd6 Rd2+ 57. Kc6 f4 58. gxf4 Nxf4
59. Bd6 Nd5 60. Be5 Ra2 61. Rh7+ Kg6 62. Ra7 Kf5 63. Kd6 Nb6 64. Rf7+ Ke4 65.
Rf4+ Ke3 66. Rg4 Kf3 67. Kxe6 Rc2 68. Rg3+ Ke4 69. Rc3 Rg2 70. Rc6 Rg6+ 71. Bf6
Nd5 72. Rc4+ Ke3 73. Kxd5 Rxf6 74. a4 Kd3 75. Rg4 Rf5+ 76. Ke6 Rh5 77. h4 Ke3
78. Kf6 Kf3 79. Rb4 Ra5 80. Ke6 Ke3 81. Kd6 Kd3 82. Rg4 Rh5 83. Kc6 Kc3 84. Kd7
Kd3 85. Ke7 Ke3 86. Kf7 Kf3 87. Rc4 Ra5 88. Rb4 Ke3 89. Kg6 Ra6+ 90. Kg5 Kf3
91. h5 Ra5+ 92. Kg6 Ra6+ 93. Kf7 Ra7+ 94. Ke6 Ra5 95. h6 Ra6+ 96. Kd7 Rxh6 97.
a5 Ke3 98. Rb6 Rh7+ 99. Kc6 Rh6+ 100. Kb5 Rh5+ 101. Ka4 Rh4+ 102. Rb4 Rh6 103.
Kb5 Rh5+ 104. Kb6 Rh6+ 105. Ka7 Rh7+ 106. Rb7 Rh6 107. Rd7 Rh1 108. a6 Ke4 109.
Kb8 Rb1+ 110. Rb7 Rh1 111. a7 Rh8+ 112. Kc7 Rh7+ 113. Kb6 Rh6+ 114. Kb5 1-0

[Event "NCL978 Guildford-Invicta Kts"]
[Site "Rd8"]
[Date "1998.03.22"]
[Round "8.7"]
[White "James, Russell"]
[Black "Farndon, David"]
[Result "1/2-1/2"]
[WhiteElo "2110"]
[BlackElo "2250"]
[PlyCount "40"]
[EventDate "1998.03.22"]

1. d4 f5 2. Nf3 Nf6 3. Bg5 e6 4. Nc3 Be7 5. Bxf6 Bxf6 6. e4 fxe4 7. Nxe4 Nc6 8.
Qd2 d5 9. Nxf6+ gxf6 10. O-O-O Bd7 11. Bb5 Qe7 12. Rhe1 O-O-O 13. Bxc6 Bxc6 14.
Qf4 Rhg8 15. g3 Rde8 16. Rd3 Qg7 17. Rde3 Bd7 18. Rc3 Bc6 19. Rce3 Bd7 20. Rc3
Bc6 1/2-1/2

[Event "NCL978 Guildford-Invicta Kts"]
[Site "Rd8"]
[Date "1998.03.22"]
[Round "8.8"]
[White "Flear, Christine"]
[Black "Ashby, Ann-Marie"]
[Result "1/2-1/2"]
[WhiteElo "2240"]
[BlackElo "2115"]
[PlyCount "39"]
[EventDate "1998.03.22"]

1. d4 e6 2. c4 Nf6 3. g3 b6 4. Bg2 d5 5. Nf3 Bb7 6. Ne5 Bd6 7. O-O O-O 8. Nc3
Nbd7 9. Nd3 c6 10. cxd5 exd5 11. Bf4 Qe7 12. Rc1 Rfe8 13. Bxd6 Qxd6 14. Qd2 Ne4
15. Nxe4 dxe4 16. Nb4 Nf6 17. Rfd1 Rac8 18. Nc2 Red8 19. Ne3 Qe6 20. b3 1/2-1/2

[Event "NCL978 Midland Ms-NW Eagles"]
[Site "Rd8"]
[Date "1998.03.22"]
[Round "8.1"]
[White "Parker, Jonathan"]
[Black "Clarke, Stuart"]
[Result "1-0"]
[WhiteElo "2515"]
[BlackElo "2285"]
[PlyCount "77"]
[EventDate "1998.03.22"]

1. d4 e6 2. c4 Nf6 3. Nf3 Bb4+ 4. Bd2 Qe7 5. g3 O-O 6. Bg2 Bxd2+ 7. Qxd2 d6 8.
Nc3 e5 9. O-O Re8 10. e4 Bg4 11. Ne1 Nc6 12. f3 Bc8 13. Nc2 Nxd4 14. Nxd4 exd4
15. Qxd4 Qe5 16. Rfd1 Be6 17. b3 Nd7 18. f4 Qxd4+ 19. Rxd4 f6 20. Nb5 Rec8 21.
Rd2 a6 22. Nd4 Bg4 23. Rc1 Rab8 24. b4 Re8 25. Nc2 Nf8 26. Ne3 Bh5 27. Nd5 Rbc8
28. a4 Bg6 29. Bh3 Rcd8 30. Nxc7 Rxe4 31. Bg2 Re7 32. Nd5 Ree8 33. Nc7 Re7 34.
Nd5 Ree8 35. Nb6 Ne6 36. a5 Re7 37. Re1 Kf8 38. Rde2 Rde8 39. Nd5 1-0

[Event "NCL978 Midland Ms-NW Eagles"]
[Site "Rd8"]
[Date "1998.03.22"]
[Round "8.2"]
[White "Littlewood, John"]
[Black "Turner, Matthew"]
[Result "0-1"]
[WhiteElo "2290"]
[BlackElo "2470"]
[PlyCount "48"]
[EventDate "1998.03.22"]

1. e4 c5 2. c3 d5 3. exd5 Qxd5 4. d4 Nf6 5. Nf3 Nc6 6. Be2 cxd4 7. cxd4 e6 8.
O-O Be7 9. Nc3 Qd6 10. Nb5 Qd8 11. Bf4 Nd5 12. Bg3 a6 13. Nc3 Nf6 14. Rc1 O-O
15. a3 b6 16. Bc4 Bb7 17. Ba2 Rc8 18. Qd3 b5 19. b4 Qb6 20. Rfd1 Rfd8 21. Bb1
g6 22. Qe3 a5 23. bxa5 Nxa5 24. Ne5 Nb3 0-1

[Event "NCL978 Midland Ms-NW Eagles"]
[Site "Rd8"]
[Date "1998.03.22"]
[Round "8.3"]
[White "Ferguson, Mark"]
[Black "Lund, Brett"]
[Result "1/2-1/2"]
[WhiteElo "2410"]
[BlackElo "2255"]
[PlyCount "40"]
[EventDate "1998.03.22"]

1. e4 c5 2. Nf3 e6 3. d4 cxd4 4. Nxd4 a6 5. Bd3 Nf6 6. O-O Qc7 7. c4 Nc6 8.
Nxc6 dxc6 9. f4 e5 10. f5 Bc5+ 11. Kh1 h5 12. Qf3 Ng4 13. Nc3 Qd8 14. Nd1 Qh4
15. h3 b6 16. Rb1 a5 17. Bd2 Bb7 18. b4 axb4 19. Bxb4 Bd4 20. Bc3 Bc5 1/2-1/2

[Event "NCL978 Midland Ms-NW Eagles"]
[Site "Rd8"]
[Date "1998.03.22"]
[Round "8.4"]
[White "Quillan, Gary"]
[Black "Kelly, Brian"]
[Result "0-1"]
[WhiteElo "2320"]
[BlackElo "2390"]
[PlyCount "92"]
[EventDate "1998.03.22"]

1. e4 e6 2. d4 d5 3. e5 c5 4. dxc5 Nc6 5. Nf3 Bxc5 6. Bd3 Qc7 7. Bf4 Nge7 8.
O-O Ng6 9. Bg3 O-O 10. Nc3 a6 11. Re1 b5 12. Qd2 b4 13. Nd1 a5 14. Qg5 Ba6 15.
Qh5 Bxd3 16. cxd3 Nd4 17. Nxd4 Bxd4 18. Qg4 Qb6 19. h4 Ne7 20. h5 h6 21. Re2
Rac8 22. Bf4 Kh7 23. Ne3 Rc7 24. Qf3 Qb5 25. Rd1 a4 26. g4 b3 27. a3 Ng8 28.
Qg3 Rfc8 29. g5 hxg5 30. Bxg5 Rc1 31. Rxc1 Rxc1+ 32. Nf1 Rd1 33. Rd2 Rxd2 34.
Bxd2 Bxb2 35. h6 g6 36. Qf4 Qd7 37. Nh2 Bxa3 38. Nf3 Kh8 39. Ng5 Nxh6 40. Qh4
Bf8 41. Bb4 Qe8 42. Bxf8 Qxf8 43. Qxa4 Qe7 44. Nf3 Qb7 45. Qh4 Kh7 46. Qd8 Ng8
0-1

[Event "NCL978 Midland Ms-NW Eagles"]
[Site "Rd8"]
[Date "1998.03.22"]
[Round "8.5"]
[White "Webster, Andrew"]
[Black "Tebb, David"]
[Result "1-0"]
[WhiteElo "2420"]
[BlackElo "2260"]
[PlyCount "95"]
[EventDate "1998.03.22"]

1. c4 Nf6 2. g3 g6 3. Bg2 Bg7 4. Nc3 O-O 5. e4 d6 6. Nge2 c5 7. O-O Nc6 8. d3
a6 9. Rb1 Rb8 10. a4 Bd7 11. h3 Ne8 12. Be3 Nc7 13. d4 cxd4 14. Nxd4 Qc8 15.
Kh2 Ne6 16. Nde2 Nb4 17. Nd5 Nxd5 18. cxd5 Nc5 19. a5 f5 20. exf5 Bxf5 21. b4
Bxb1 22. Qxb1 Nd7 23. Nf4 Nf6 24. Ne6 Qd7 25. Nxf8 Rxf8 26. Rc1 Rc8 27. Rxc8+
Qxc8 28. b5 axb5 29. Qxb5 Nd7 30. Bf3 h5 31. Qb1 Kf7 32. Be4 Nf8 33. h4 Qc7 34.
Qb5 Qc8 35. Bg2 Bf6 36. Bh3 Qa8 37. Qb4 Bg7 38. Bb6 Bf6 39. Qc4 Be5 40. Kg1 Qe8
41. Qc8 Qb5 42. Qxb7 Qb1+ 43. Bf1 Nh7 44. a6 Nf6 45. a7 Ne4 46. a8=Q Nd2 47.
Qaa6 Nf3+ 48. Kh1 1-0

[Event "NCL978 Midland Ms-NW Eagles"]
[Site "Rd8"]
[Date "1998.03.22"]
[Round "8.6"]
[White "Sheldon, Ruth"]
[Black "Collinson, Adam"]
[Result "1/2-1/2"]
[WhiteElo "2220"]
[BlackElo "2400"]
[PlyCount "34"]
[EventDate "1998.03.22"]

1. d4 d6 2. Nf3 Bg4 3. c4 Nd7 4. Qb3 Rb8 5. g3 Bxf3 6. Qxf3 g6 7. Bg2 Bg7 8.
Qd3 Ngf6 9. O-O O-O 10. Nc3 c5 11. e3 a6 12. b3 Qa5 13. Bd2 Qc7 14. Rac1 Rfd8
15. Rfd1 Rbc8 16. Ne4 Qb8 17. a4 e6 1/2-1/2

[Event "NCL978 Midland Ms-NW Eagles"]
[Site "Rd8"]
[Date "1998.03.22"]
[Round "8.7"]
[White "Regan, Natasha"]
[Black "Merriman, John"]
[Result "1/2-1/2"]
[WhiteElo "2160"]
[BlackElo "2255"]
[PlyCount "70"]
[EventDate "1998.03.22"]

1. e4 e6 2. d4 d5 3. Nc3 Bb4 4. e5 c5 5. Bd2 Ne7 6. f4 Nbc6 7. dxc5 Bxc5 8. Nf3
a6 9. Bd3 Bd7 10. Qe2 b5 11. h3 Nd4 12. Nxd4 Bxd4 13. Qg4 g6 14. O-O-O Nc6 15.
Qf3 Rc8 16. Kb1 Qb6 17. Rhe1 b4 18. Ne2 Bf2 19. Rf1 Bc5 20. g4 a5 21. Rc1 a4
22. f5 Nxe5 23. Qf4 Nxd3 24. cxd3 Bd6 25. Qh6 Rxc1+ 26. Rxc1 Be5 27. fxe6 Bxe6
28. d4 Bf6 29. Qf4 O-O 30. Bxb4 Qxb4 31. Qxf6 a3 32. b3 Qd2 33. Rc2 Qd3 34. Nf4
Qe4 35. Qe5 Qh1+ 1/2-1/2

[Event "NCL978 Midland Ms-NW Eagles"]
[Site "Rd8"]
[Date "1998.03.22"]
[Round "8.8"]
[White "James, Dale"]
[Black "Barnes, Michael"]
[Result "1-0"]
[WhiteElo "2225"]
[BlackElo "2240"]
[PlyCount "73"]
[EventDate "1998.03.22"]

1. e4 c5 2. Nf3 g6 3. Bc4 Bg7 4. O-O Nc6 5. Re1 e6 6. c3 Nge7 7. d4 cxd4 8.
Nxd4 O-O 9. Bg5 h6 10. Nxc6 bxc6 11. Bh4 g5 12. Bg3 d5 13. Bb3 f5 14. exf5 Nxf5
15. Be5 Bxe5 16. Rxe5 Qf6 17. Re1 Nh4 18. Qe2 a5 19. Nd2 a4 20. Bc2 a3 21. bxa3
Rxa3 22. Bb3 Bd7 23. c4 Ng6 24. cxd5 cxd5 25. Rac1 Nf4 26. Qe3 Bb5 27. Rc7 Raa8
28. g3 Nh3+ 29. Kg2 g4 30. f4 Rae8 31. a4 Ba6 32. Bxd5 Qb2 33. Bxe6+ Kh8 34.
Qe5+ Qxe5 35. Rxe5 Rd8 36. Bd5 Rd6 37. Ree7 {time} 1-0

[Event "NCL978 Northumbria-Slough"]
[Site "Rd8"]
[Date "1998.03.22"]
[Round "8.3"]
[White "Ledger, Stephen"]
[Black "Lalic, Bogdan"]
[Result "0-1"]
[WhiteElo "2225"]
[BlackElo "2545"]
[PlyCount "78"]
[EventDate "1998.03.22"]

1. d4 d6 2. Nf3 Bg4 3. Nbd2 e6 4. e3 Nf6 5. Be2 Be7 6. b3 O-O 7. h3 Bf5 8. Bb2
d5 9. g4 Bg6 10. Ne5 Nfd7 11. Nxg6 fxg6 12. Nf3 Nf6 13. Bd3 Bb4+ 14. c3 Bd6 15.
Qe2 Qe7 16. O-O-O Ba3 17. Ne5 Bxb2+ 18. Kxb2 c5 19. h4 Nc6 20. h5 g5 21. f4
cxd4 22. exd4 gxf4 23. Ng6 Qd6 24. Nxf8 Rxf8 25. g5 f3 26. Qc2 Ne4 27. Bxe4
dxe4 28. Qxe4 Rf4 29. Qe3 Ne7 30. Rhf1 Nf5 31. Qf2 b5 32. Rd3 b4 33. Rxf3 bxc3+
34. Kxc3 Rxf3+ 35. Qxf3 Qxd4+ 36. Kc2 Ne3+ 37. Kb1 Qd3+ 38. Kb2 Qd2+ 39. Ka3
Nc2+ 0-1

[Event "NCL978 Northumbria-Slough"]
[Site "Rd8"]
[Date "1998.03.22"]
[Round "8.5"]
[White "Ledger, David"]
[Black "Kosten, Anthony"]
[Result "1/2-1/2"]
[WhiteElo "2255"]
[BlackElo "2535"]
[PlyCount "117"]
[EventDate "1998.03.22"]

1. e4 c5 2. Nc3 Nc6 3. g3 g6 4. d3 Bg7 5. Be3 d6 6. Qd2 e5 7. Bg2 Be6 8. Nge2
Nd4 9. O-O Nf6 10. f3 Qd7 11. Rae1 O-O 12. Nc1 d5 13. Bg5 dxe4 14. fxe4 Ng4 15.
Qd1 f6 16. Bd2 Rad8 17. Nd5 Bxd5 18. exd5 Nh6 19. c3 Ndf5 20. Nb3 b6 21. Qc1
Nf7 22. Na1 N5d6 23. c4 a5 24. b3 f5 25. Nc2 Rfe8 26. Bc3 Re7 27. a3 Qc7 28.
Kh1 Rde8 29. Re2 b5 30. Qd2 a4 31. cxb5 axb3 32. Na1 Nxb5 33. Nxb3 Nfd6 34. a4
Bh6 35. Qb2 Nxc3 36. Qxc3 c4 37. Rc2 Rc8 38. dxc4 Qxc4 39. Qxc4 Rxc4 40. Rxc4
Nxc4 41. Ra1 e4 42. Bf1 Nd6 43. a5 Be3 44. a6 g5 45. Na5 f4 46. Nc6 Re8 47.
gxf4 gxf4 48. Rb1 f3 49. a7 Bxa7 50. Nxa7 e3 51. Re1 Nf5 52. Nc6 e2 53. Kg1
exf1=Q+ 54. Kxf1 Ne3+ 55. Kg1 f2+ 56. Kxf2 Ng4+ 57. Kf1 Nxh2+ 58. Kf2 Ng4+ 59.
Kf1 1/2-1/2

[Event "NCL978 Northumbria-Slough"]
[Site "Rd8"]
[Date "1998.03.22"]
[Round "8.6"]
[White "Summerscale, Aaron"]
[Black "Grant, Jonathan"]
[Result "1-0"]
[WhiteElo "2440"]
[BlackElo "2275"]
[PlyCount "57"]
[EventDate "1998.03.22"]

1. Nf3 Nf6 2. c4 e6 3. Nc3 c5 4. g3 b6 5. Bg2 Bb7 6. O-O Be7 7. Re1 a6 8. e4 d6
9. d4 cxd4 10. Nxd4 Qc7 11. Be3 Nbd7 12. Rc1 O-O 13. f4 Rfe8 14. Bf2 g6 15. e5
dxe5 16. fxe5 Nh5 17. Nd5 exd5 18. cxd5 Nc5 19. b4 Bg5 20. bxc5 Bxc1 21. c6
Bxc6 22. d6 Ba4 23. dxc7 Bxd1 24. Rxd1 Bg5 25. Bxa8 Rxa8 26. Nc6 Rc8 27. Bxb6
Be3+ 28. Bxe3 Rxc7 29. Bh6 1-0

[Event "NCL978 Northumbria-Slough"]
[Site "Rd8"]
[Date "1998.03.22"]
[Round "8.7"]
[White "Dighton, Simon"]
[Black "Lalic, Susan"]
[Result "1/2-1/2"]
[WhiteElo "2128"]
[BlackElo "2370"]
[PlyCount "63"]
[EventDate "1998.03.22"]

1. e4 c6 2. d4 d5 3. exd5 cxd5 4. c4 Nf6 5. Nc3 g6 6. cxd5 Nxd5 7. Bc4 Nb6 8.
Bb3 Bg7 9. Be3 Nc6 10. Nge2 O-O 11. O-O Na5 12. Bc2 Nac4 13. b3 Nxe3 14. fxe3
Bg4 15. Be4 Bxe2 16. Qxe2 Rc8 17. Qd3 Qd7 18. Rad1 Rfd8 19. Na4 f5 20. Nxb6
axb6 21. Bf3 e5 22. e4 fxe4 23. Qxe4 exd4 24. Bg4 Qc6 25. Qe7 Qc7 26. Qe6+ Kh8
27. Rf7 Qc5 28. b4 Qg5 29. Qxc8 Rxc8 30. Bxc8 Qe3+ 31. Kh1 h5 32. Bxb7 1/2-1/2

[Event "NCL978 Northumbria-Slough"]
[Site "Rd8"]
[Date "1998.03.22"]
[Round "8.8"]
[White "Houska, Jovanka"]
[Black "Ford, Elise"]
[Result "1-0"]
[WhiteElo "2185"]
[BlackElo "1704"]
[PlyCount "103"]
[EventDate "1998.03.22"]

1. e4 e5 2. Nf3 Nc6 3. d4 exd4 4. c3 d5 5. exd5 Qxd5 6. cxd4 Bg4 7. Be2 Nf6 8.
Nc3 Qd7 9. Be3 O-O-O 10. Qb3 Be6 11. Qa4 Nd5 12. O-O f6 13. Nxd5 Bxd5 14. b4
Kb8 15. b5 Ne7 16. Rac1 Nc8 17. Qc2 g5 18. Nd2 Ba3 19. Rb1 Nb6 20. Ne4 Bxe4 21.
Qxe4 f5 22. Qd3 Be7 23. d5 Qxd5 24. Qc3 g4 25. a4 h5 26. a5 Nc8 27. Rfd1 Qe6
28. Bc4 Bf6 29. Qc2 Qe5 30. b6 f4 31. Rb5 Rxd1+ 32. Qxd1 Qa1 33. bxc7+ Ka8 34.
Qxa1 Bxa1 35. Bxf4 Re8 36. Rb1 Bc3 37. Kf1 Bxa5 38. Bd5 Nb6 39. Bf7 Rf8 40. Be6
Re8 41. Rxb6 Bxb6 42. c8=Q+ Rxc8 43. Bxc8 Bd4 44. Be6 a5 45. Ke2 a4 46. Be3 Be5
47. Bb6 a3 48. h3 Kb8 49. hxg4 hxg4 50. Ke3 g3 51. f4 Bc3 52. Kf3 1-0

[Event "NCL978 Richmond-BCM"]
[Site "Rd8"]
[Date "1998.03.22"]
[Round "8.2"]
[White "Bellin, Robert"]
[Black "Bates, Richard"]
[Result "1/2-1/2"]
[WhiteElo "2365"]
[BlackElo "2430"]
[PlyCount "98"]
[EventDate "1998.03.22"]

1. Nc3 c5 2. Nf3 d6 3. g3 Nc6 4. d4 cxd4 5. Nxd4 g6 6. Bg2 Bd7 7. e4 Bg7 8.
Nde2 Nf6 9. h3 O-O 10. O-O Qa5 11. Nd5 Rfc8 12. Bg5 Nxd5 13. exd5 Ne5 14. b3
Be8 15. a4 Nd7 16. Rc1 Bf6 17. Bd2 Qd8 18. c4 a5 19. Re1 Nc5 20. Bc3 Bxc3 21.
Rxc3 Bd7 22. Re3 Qf8 23. Nd4 Re8 24. h4 h5 25. Qa1 Qg7 26. Rxe7 Rxe7 27. Rxe7
Re8 28. Rxe8+ Bxe8 29. Qd1 Qe5 30. Qd2 Bd7 31. Kh2 Kg7 32. Nf3 Qf6 33. Qxa5
Nxb3 34. Qb6 Nc5 35. a5 Bg4 36. Ng5 Bc8 37. f4 Bf5 38. Qc7 Bd3 39. Ne6+ Nxe6
40. dxe6 Qxe6 41. Qxb7 Qxc4 42. Qd5 Qa6 43. Qd4+ Kh7 44. Qb6 Qc8 45. Qxd6 Qc2
46. Qd7 Kg8 47. Qe8+ Kg7 48. Qe1 Ba6 49. Kh1 Kh7 1/2-1/2

[Event "NCL978 Richmond-BCM"]
[Site "Rd8"]
[Date "1998.03.22"]
[Round "8.3"]
[White "Williams, Simon"]
[Black "Wall, Tim"]
[Result "1-0"]
[WhiteElo "2315"]
[BlackElo "2375"]
[PlyCount "65"]
[EventDate "1998.03.22"]

1. c4 e5 2. Nc3 Nf6 3. Nf3 Nc6 4. g3 Bb4 5. Bg2 O-O 6. O-O Bxc3 7. bxc3 Re8 8.
d3 e4 9. Ng5 exd3 10. exd3 d6 11. Rb1 Bg4 12. f3 Bc8 13. Ne4 h6 14. f4 Kh8 15.
f5 Ne5 16. Rf4 c6 17. Qf1 d5 18. Nxf6 Qxf6 19. cxd5 cxd5 20. Bxd5 Rb8 21. d4
Nc6 22. Rf2 b5 23. Bf4 Rb6 24. Re1 Rd8 25. Bg2 b4 26. d5 bxc3 27. dxc6 Ba6 28.
Be5 Qg5 29. h4 Qd2 30. Rxd2 cxd2 31. c7 Rc8 32. Rd1 Bxf1 33. Bxf1 1-0

[Event "NCL978 Richmond-BCM"]
[Site "Rd8"]
[Date "1998.03.22"]
[Round "8.4"]
[White "Friedgood, David"]
[Black "Wall, Gavin"]
[Result "0-1"]
[WhiteElo "2240"]
[BlackElo "2320"]
[PlyCount "68"]
[EventDate "1998.03.22"]

1. c4 g6 2. Nc3 Bg7 3. d4 f5 4. h4 c5 5. d5 Bxc3+ 6. bxc3 Nf6 7. Bh6 Qa5 8. Qc2
d6 9. e3 Nbd7 10. Ne2 Ne5 11. Bg7 Rg8 12. Bxf6 exf6 13. Ng3 Bd7 14. Be2 O-O-O
15. f4 Ng4 16. Bxg4 fxg4 17. e4 Qa6 18. Qe2 Qa3 19. Qd3 f5 20. O-O fxe4 21.
Nxe4 Bf5 22. Rfe1 Kb8 23. Qd2 Qa4 24. Ng5 Rd7 25. Qe2 h6 26. Ne6 Re7 27. Nxc5
Rxe2 28. Nxa4 Rge8 29. Rxe2 Rxe2 30. c5 Bc2 31. Nb2 Be4 32. Nd1 g3 33. Kf1 Bd3
34. Kg1 Re1# 0-1